000 00613nam a22002057a 4500
003 OSt
005 20140310182126.0
008 130828t xxu||||| |||| 00| 0 eng d
050 _aE 302.6.H2
_b.M58 1959
082 _aHS 973.2
_b.M612 1959
100 _aMiller, John Chester,
_d1907-
_914337
245 _aAlexander Hamilton :
_b and the growth of the new nation /
_cJohn C. Miller.
250 _aFirst Harper Torchbook ed.
260 _aNew York :
_bHarper Torchbooks,
_cc1959.
300 _ax,659,11 p, ;
_c20 cm.
541 _j1
562 _e1
650 _aAlexander Hamilton.
942 _2lcc
_cHS
999 _c9614
_d9614